| 000 | 00289nam a2200121 i 4500 | ||
|---|---|---|---|
| 001 | bg | ||
| 245 | 0 | _aSpołeczno-gospodarczy rozwój Polski w latach 1971-1975. | |
| 260 |
_aWarszawa, _c1975. |
||
| 040 | _cBPK | ||
| 041 | _apol | ||
| 942 | _cKS | ||
| 008 | s pl f |000 0 pol | ||
| 999 |
_c26917 _d26917 |
||
| 856 |
_uhttp://koha.tu.koszalin.pl/cgi-bin/koha/opac-detail.pl?biblionumber=26917 _yKatalog online BPK |
||